Continental conservation : (Registro nro. 1460)

Detalles MARC
000 -CABECERA
Campo de control 00978cam a2200265 i 4500
005 - FECHA Y HORA DE LA ULTIMA TRANSACCION
Campo de control 20200104041521.0
008 - ELEMENTOS DE LONGITUD FIJA—INFORMACION GENERAL
Campo de control 060702t 1999dcuad r 001 0 eng d
015 ## - NATIONAL BIBLIOGRAPHY NUMBER
National bibliography number NNN
020 ## - ISBN
ISBN 155963698X
040 ## - FUENTE DE CATALOGACIÓN
Agencia catalogadora original CO-BoPUJ
Agencia transcriptora CO-BoIAVH
Agencia Modificadora CO-BoIAVH
041 0# - IDIOMA
Código de idioma para texto/pista de sonido o título separado Inglés
044 ## - PAÍS DE PUBLICACIÓN
País de publicación Estados Unidos
082 04 - NUMERO DE CLASIFICACION DECIMAL DEWEY
Número de clasificación 333.72
Número del ítem C76c
245 00 - MENCION DE TITULO
Título Continental conservation :
Parte restante del título scientific foundations of regional reserve networks
Mención de responsabilidad edited by Michael E. Soulé and John W. Terborgh.
260 ## - PUBLICACION, DISTRIBUCION, ETC. (PIE DE IMPRENTA)
Lugar de publicación, distribución, etc. Washington, D.C. ;
Nombre del editor, distribuidor, etc. Island Press,
Fecha de publicación, distribución, etc. c1999.
300 ## - DESCRIPCION FISICA
Extensión xi, 227 páginas :
Otros detalles físicos ilustraciones y gráficas ;
Dimensiones 24 cm.
504 ## - NOTA DE BIBLIOGRAFIA, ETC.
Nota de bibliografía Incluye referencias bibliográficas e índice.
650 14 - ASIENTO SECUNDARIO DE MATERIA - TERMINO TEMATICO
Término temático o nombre geográfico como elemento de entrada Conservación de la naturaleza
9 (RLIN) 97
650 24 - ASIENTO SECUNDARIO DE MATERIA - TERMINO TEMATICO
Término temático o nombre geográfico como elemento de entrada Diversidad biológica
Subdivisión general Conservación
9 (RLIN) 49770
650 24 - ASIENTO SECUNDARIO DE MATERIA - TERMINO TEMATICO
Término temático o nombre geográfico como elemento de entrada Conservación biológica
9 (RLIN) 98
700 1# - ASIENTO SECUNDARIO - NOMBRE PERSONAL
Nombre personal Soulé, Michael E.,
Término de relación editor.
9 (RLIN) 12392
700 1# - ASIENTO SECUNDARIO - NOMBRE PERSONAL
Nombre personal Terborgh, John W.,
Fechas asociadas con el nombre 1936-,
Término de relación editor.
9 (RLIN) 49772
710 24 - ASIENTO SECUNDARIO - NOMBRE CORPORATIVO
Nombre corporativo o de jurisdicción como elemento de entrada Wildlands Project
9 (RLIN) 49773
942 ## - ELEMENTOS ADICIONALES (KOHA)
Sistema de clasificación Dewey Decimal Classification
Tipo de ítem Libro
Existencias
Withdrawn status Lost status Sistema de Clasificación Damaged status No para préstamo Colección Inventariado Ubicación Permanente Ubicación actual Fecha de adquisición Fuente de Valor Valor Total Checkouts Número topográfico Inventario / Código de Barras Date last seen Ejemplar Price effective from Tipo de material Forma de adquisición
    Dewey Decimal Classification     General Inventariado 2017 Bogotá Bogotá 01/09/1999 Instituto 39000.00   LB-333.72 C76c 002012 04/12/2012 Ej. 1 04/12/2012 Libro  
    Dewey Decimal Classification     General Inventariado 2017 Sala Fabio Quevedo Sala Fabio Quevedo 12/02/2002 Instituto 39000.00   LB-333.72 C76c 002013 04/12/2012 Ej. 2 04/12/2012 Libro Donación
    Local     General   Villa de Leyva Villa de Leyva 26/08/2005       LB-01452 020208 04/12/2012 Ej.1 04/12/2012 Libro